000 00313nam a22001457a 4500
008 230427b ||||| |||| 00| 0 eng d
020 _a9780978593117
041 _aeng
080 _a91
082 _a91WIT
100 _a19
101 _aGJEO
245 _aOUR UNDISCOVERS UNIVERSE
_cWITT .T
942 _2udc
_cBK
999 _c59625
_d59625